Modelamiento y optimización de reactores tubulares de polimerización de etileno por el proceso de alta presión /

Guardado en:
Otros Autores: Brandolin, Adriana. (Disertante)
Formato: Manuscrito
Idioma:Spanish
Publicado: 1987.
Materias:
Etiquetas: Agregar Etiqueta
Sin Etiquetas, Sea el primero en etiquetar este registro!
LEADER 00970ntm a22002295a 4500
001 EIQ.libpla003744
008 080307s1987####ag#a#####bm###000#0#spa#d
005 20080918191803.0
245 1 0 |a Modelamiento y optimización de reactores tubulares de polimerización de etileno por el proceso de alta presión /  |c Adriana Brandolin. 
260 |c 1987. 
300 |a xxi, 325 p. :  |b il., tablas, figuras ;  |c 21 cm. 
502 |a Tesis (doctorado)--Universidad Nacional del Sur. Departamento de Ingeniería Química, 1987. 
500 |a Director de tesis: Dr. Enrique Marcelo Vallés. 
504 |a Incluye referencias bibliográficas. 
100 1 |a Brandolin, Adriana.  |4 dis 
710 2 |a Universidad Nacional del Sur (UNS).  |b Dto. de Ingeniería Química  |4 dgg. 
650 4 |a Polímeros  |x Tesis. 
650 4 |a Polímeros  |x Etileno. 
650 4 |a Polymers  |x Thesis. 
650 4 |a Polymers  |x Ethylene. 
040 |a AR-BbSID  |b spa  |c AR-BbSID 
859 |a AR-BbSID  |b BIB. PLAPIQUI  |h 668.4  |i B 734  |p 5075